| 000 | 01783nam a2200289 a 4500 | ||
|---|---|---|---|
| 001 | 1879583 | ||
| 003 | AM-YEHGA | ||
| 005 | 20250617164641.0 | ||
| 008 | 221213s2022 ai a|||gr|||||||||0|arm|d | ||
| 020 | _a9789939791029 | ||
| 040 | _aAM-YeHGA | ||
| 041 | 0 | _aarm | |
| 100 | 1 | _aԱռաքելյան, Աստղիկ Ալբերտի | |
| 245 | 1 | 0 |
_aՀաղորդակցական ուղիների տեխնիկաշահագործական հատկանիշները : _bՈւսումնական ձեռնարկ / _cԱ.Ա. Առաքելյան ; Գրախոսներ՝ Ա.Ս. Մարգարյան, Գ.Հ. Մանասարյան ; [Խմբագիր՝ Ն.Ա. Խաչատրյան] ; ՀՀ ԿԳՄՍՆ, ՀԱՊՀ. ՄՏՀ և դիզայնի ինստիտուտ. ՏՓԿ ամբիոն. |
| 260 |
_aԵրևան : _bՃարտարագետ, _c2022. |
||
| 300 |
_a112 էջ : _bնկ. ; _c20 սմ. |
||
| 505 | _aՄատենագիտություն` էջ 109 (6 անուն)։ | ||
| 650 | 1 | 4 | _aՏրանսպորտային համակարգեր |
| 650 | 1 | 4 |
_aՃանապարհային շինարարություն _vՈւսումնական ձեռնարկներ |
| 700 | 1 |
_aՄարգարյան, Ա.Ս. _eգրախոս _4rev |
|
| 700 | 1 |
_aՄանասարյան, Գ.Հ. _eգրախոս _4rev |
|
| 700 | 1 |
_aԽաչատրյան, Ն.Ա. _eխմբ. _4edt |
|
| 710 | 2 | _aՀՀ կրթության, գիտության, մշակույթի և սպորտի նախարարություն | |
| 710 | 2 |
_aՀայաստանի ազգային պոլիտեխնիկական համալսարան. _bՄեխանիկամեքենաշինական, տրանսպորտային համակարգերի և դիզայնի ինստիտուտ. _bՏնտեսագիտության և փոխադրումների կազմակերպման ամբիոն. |
|
| 942 |
_2udc _cBK |
||
| 090 | _c565209 | ||
| 999 |
_c527231 _d527231 |
||